000 00921cam a2200289Mi 4500
001 92919
005 20230411090050.0
008 040429s2003 sp 000 0 spa d
035 _a(OCoLC)ocm55060784
040 _aPL#
_bspa
_cPL#
_dOCLCQ
_dBNM
020 _a97884422168
029 0 _aPL#
_b8478798412
035 _a(OCoLC)55060784
049 _aGRAL
245 0 3 _aEl derecho al alcance de todos /
_ccoordinador, Julio García Ramírez. ; [autores] Francisco Castilla Rodríguez ... [et al.].
250 _a2 d.
260 _aMadrid :
_bEditorial Colex,
_c2009
300 _a484 p. ;
_c24 cm.
653 _aDerecho
_aEspaña.
650 7 _aDerecho
_zEspaña
_vObras de divulgación.
_2embne
700 1 _aGarcía Ramírez, Julio,
_ecoord.
700 1 _aCastilla Rodríguez, Francisco,
_eaut.
938 _aPuvill Libros
_bPUVL
_n8478798412
_c$37.92
942 _2lcc
_cbk
946 _asadt
994 _aC0
_bDRFGD
999 _c111880
_d111880